| 000 | 01621nam0a2200337 4500 | ||
|---|---|---|---|
| 001 | RU\NLR\BIBL_A\022545150 | ||
| 005 | 20250702144045.0 | ||
| 010 |
_a978-5-6047662-5-5 _9100 |
||
| 035 | _a(NLR Aleph) 022545150 | ||
| 090 |
_a13429735 _c13429735 |
||
| 100 | _a20250520d2024 |||y0rusy50 ca | ||
| 101 | 0 |
_arus _deng |
|
| 102 | _aRU | ||
| 105 | _aa z 000yy | ||
| 181 | 0 |
_ai3 _baxxe |
|
| 182 | 0 | _an | |
| 200 | 1 |
_aГеометрическая интерпретация первого, второго и третьего начала термодинамики на плоскости с вырожденной метрикой _eмонография _fА. Е. Караванов _gрецензенты: доктор физико-математических наук Б. К. Новосадов [и др.] |
|
| 203 |
_aТекст _bвизуальный _cнепосредственный |
||
| 210 |
_aКазань _cБутлеровское наследие _d2024 |
||
| 215 |
_a632 с. _cил. _d23 |
||
| 225 | 1 |
_aСерия "Бутлеровское наследие" _vкн. 7 |
|
| 300 | _aРез. на англ. яз. | ||
| 320 | _aБиблиогр. в подстроч. примеч. | ||
| 606 | 1 |
_aСтатистическая физика _xМатематические основы _92460945 _3RU\NLR\AUTH\661462301 |
|
| 686 | 1 | _aВ317.2 | |
| 700 | 1 |
_aКараванов _bА. Е. _gАнатолий Евгеньевич |
|
| 702 | 1 |
_aНовосадов _bБ. К. _gБорис Константинович _4675 |
|
| 942 | _cBOOK | ||
| 980 | _aNB | ||